[Event "ICS Rated blitz match"]
[Site "204.178.125.65"]
[Date "1999.07.29"]
[Round "?"]
[White "yurka"]
[Black "Hossa"]
[Result "0-1"]
[WhiteElo "2288"]
[BlackElo "2404"]
[PlyCount "70"]
[EventDate "1999.??.??"]

1. d4 g6 2. c4 Bg7 3. Nf3 d6 4. Nc3 Bg4 5. e3 e5 6. Be2 Nc6 7. d5 Nce7 8. O-O
Bxf3 9. Bxf3 f5 10. e4 Qd7 11. Be3 O-O-O 12. Nb5 a6 13. Na7+ Kb8 14. c5 dxc5
15. Bxc5 fxe4 16. Bxe4 Nf6 17. Qb3 Nexd5 18. Bxd5 Qxd5 19. Qb4 Nh5 20. Rad1
Qxd1 21. Nc6+ Ka8 22. Nxd8 Rxd8 23. Be3 Qd5 24. h3 Rd7 25. Qh4 Qxa2 26. Qb4 Qd5
27. Ra1 Nf4 28. Bxf4 exf4 29. Qe1 Bxb2 30. Rb1 Be5 31. Qb4 f3 32. g3 Rd6 33.
Qg4 h5 34. Qc8+ Ka7 35. Qf8 35... Bxg3 {yurka resigns} 0-1

[Event "ICS rated blitz match"]
[Site "204.178.125.65"]
[Date "1999.07.29"]
[Round "?"]
[White "Hossa"]
[Black "occam"]
[Result "1-0"]
[WhiteElo "2415"]
[BlackElo "2471"]
[PlyCount "207"]
[EventDate "1999.??.??"]

1. d4 Nf6 2. c4 Nc6 3. Nc3 d6 4. d5 Ne5 5. e4 Bg4 6. f3 Bc8 7. Bg5 Nfd7 8. Rb1
c6 9. Rc1 h6 10. Be3 Nf6 11. Be2 Qa5 12. Bd4 c5 13. Be3 Qb4 14. Qb3 Qxb3 15.
axb3 g6 16. b4 b6 17. Nb5 Kd8 18. bxc5 bxc5 19. Bd2 Bb7 20. Ba5+ Kc8 21. f4
Ned7 22. Bd3 g5 23. fxg5 hxg5 24. Bb1 Bg7 25. Nf3 Rh5 26. Nc7 Rb8 27. O-O g4
28. Ne1 Bh6 29. Rd1 Nb6 30. Bxb6 Be3+ 31. Kh1 axb6 32. Nb5 Bg5 33. b3 Kd7 34.
e5 Rbh8 35. h3 dxe5 36. Nd3 Bh4 37. Nf2 gxh3 38. Nxh3 e4 39. Nc3 e3 40. Rf5
R5h6 41. Kg1 Ke8 42. Rdf1 Bc8 43. R5f3 Bf2+ 44. Nxf2 exf2+ 45. Kxf2 Rh2 46. Bf5
Bxf5 47. Rxf5 Rg8 48. Rg1 Rg6 49. Kf3 Nd7 50. Ra1 f6 51. Rg1 Ne5+ 52. Kf2 e6
53. dxe6 Ke7 54. Nd5+ Kxe6 55. Rf4 f5 56. Kf1 Rg3 57. Nc7+ Kf6 58. Kf2 Rxb3 59.
Rf1 Rb2+ 60. Ke3 Ke7 61. Rxf5 Nxc4+ 62. Kd3 Nd6 63. Rg5 Kd7 64. Nd5 Kc6 65.
Ne7+ Kb7 66. Rg1 Ra2 67. Rg6 Nf7 68. Rf6 Ne5+ 69. Ke4 Ng4 70. Rd6 Kc7 71. Rg6
Ra4+ 72. Kf5 Ne3+ 73. Kf6 b5 74. g4 Kd7 75. Nf5 Ra6+ 76. Kg5 Rxg6+ 77. Kxg6 Nc4
78. Kf6 Kc6 79. g5 Kd5 80. g6 Ra2 81. Ne7+ Kd4 82. g7 Ra6+ 83. Kf5 Ne3+ 84. Kf4
Ra8 85. Nc6+ Kd3 86. Rg3 Rg8 87. Rxe3+ Kc4 88. Rg3 Re8 89. Ne5+ Kb4 90. g8=Q
Rxg8 91. Rxg8 Kb3 92. Rc8 c4 93. Rb8 Kb4 94. Nxc4 Kxc4 95. Ke4 b4 96. Rc8+ Kb3
97. Kd3 Kb2 98. Rb8 b3 99. Rb7 Ka2 100. Kc3 b2 101. Rxb2+ Ka3 102. Rd2 Ka4 103.
Rd5 Ka3 104. Ra5# {occam checkmated} 1-0

[Event "ICS rated blitz match"]
[Site "204.178.125.65"]
[Date "1999.07.29"]
[Round "?"]
[White "wimpy"]
[Black "Hossa"]
[Result "0-1"]
[WhiteElo "2022"]
[BlackElo "2434"]
[PlyCount "68"]
[EventDate "1999.??.??"]

1. e4 e5 2. d4 exd4 3. Qxd4 Nc6 4. Qe3 Nf6 5. Nc3 Bb4 6. Bd2 O-O 7. Bc4 Ne5 8.
Be2 Neg4 9. Bxg4 Nxg4 10. Qe2 d5 11. O-O-O Bc5 12. Nh3 d4 13. Be3 Nxe3 14. fxe3
Bxh3 15. exd4 Bxd4 16. gxh3 Qg5+ 17. Kb1 Bxc3 18. bxc3 Rad8 19. Rhg1 Qe5 20.
Kb2 b5 21. Rxd8 Rxd8 22. Rg3 b4 23. Qc4 a5 24. Rd3 bxc3+ 25. Qxc3 Rb8+ 26. Kc1
Qxe4 27. Qxc7 Qe1+ 28. Rd1 Qe3+ 29. Rd2 Qa3+ 30. Kd1 Re8 31. Re2 Qf3 32. Qc4
Rd8+ 33. Kc1 Qa3+ 34. Kb1 34... Rd1# {wimpy checkmated} 0-1

[Event "ICS Rated blitz match"]
[Site "204.178.125.65"]
[Date "1999.07.29"]
[Round "?"]
[White "Hossa"]
[Black "PostModernist"]
[Result "0-1"]
[WhiteElo "2437"]
[BlackElo "2609"]
[PlyCount "94"]
[EventDate "1999.??.??"]

1. d4 Nf6 2. c4 g6 3. Nc3 d5 4. cxd5 Nxd5 5. e4 Nxc3 6. bxc3 Bg7 7. Bb5+ c6 8.
Bc4 c5 9. Ne2 Nc6 10. d5 Ne5 11. Bb5+ Bd7 12. Bxd7+ Qxd7 13. O-O O-O 14. Be3 b6
15. Bf4 Rfd8 16. Qd2 e6 17. Bxe5 Bxe5 18. Rad1 Qa4 19. f3 Rd6 20. Qg5 Bg7 21.
Rd2 Re8 22. Qf4 Red8 23. Qg5 h6 24. Qg3 Qc4 25. Rfd1 Bxc3 26. Rc1 Bd4+ 27. Kh1
Qb4 28. Rcd1 Bg7 29. Kg1 exd5 30. exd5 c4 31. Qh4 Qc5+ 32. Kh1 g5 33. Qe4 c3
34. Rd3 c2 35. Rc1 Bb2 36. Re1 Rxd5 37. Rxd5 Rxd5 38. Qe8+ Kg7 39. Qa4 Re5 40.
h4 Rxe2 41. Rxe2 c1=Q+ 42. Kh2 Q1g1+ 43. Kg3 Qd6+ 44. Kg4 Qgh2 45. h5 Qdf4+ 46.
Qxf4 Qxf4+ 47. Kh3 47... Qh4# {Hossa checkmated} 0-1

[Event "ICS rated blitz match"]
[Site "204.178.125.65"]
[Date "1999.07.29"]
[Round "?"]
[White "champion-10"]
[Black "Hossa"]
[Result "0-1"]
[WhiteElo "2173"]
[BlackElo "2428"]
[PlyCount "40"]
[EventDate "1999.??.??"]

1. e4 e5 2. Nf3 Nf6 3. Nc3 Bb4 4. Nxe5 Qe7 5. Nd3 Bxc3 6. dxc3 Nxe4 7. Be2 O-O
8. O-O Re8 9. Nf4 Nc6 10. c4 d6 11. Nd5 Qd8 12. Re1 Ne5 13. b3 c6 14. Nf4 Qh4
15. Be3 Nxf2 16. Bxf2 Qxf4 17. Bd3 Bg4 18. Bg3 Qd4+ 19. Bf2 Bxd1 20. Bxd4 20...
Nf3+ {champion-10 resigns} 0-1

[Event "ICS Rated blitz match"]
[Site "204.178.125.65"]
[Date "1999.07.29"]
[Round "?"]
[White "Hossa"]
[Black "champion-10"]
[Result "1-0"]
[WhiteElo "2445"]
[BlackElo "2156"]
[PlyCount "89"]
[EventDate "1999.??.??"]

1. d4 Nf6 2. c4 e6 3. Nc3 Bb4 4. Bg5 O-O 5. e4 Be7 6. f4 d6 7. e5 dxe5 8. fxe5
Ne8 9. Bxe7 Qxe7 10. Qg4 b6 11. Qe4 c6 12. Bd3 g6 13. O-O-O Na6 14. Nf3 Bb7 15.
Rdf1 Nb4 16. Qe2 Nxd3+ 17. Qxd3 Rd8 18. g3 b5 19. c5 b4 20. Ne4 f5 21. Nd6 Nxd6
22. cxd6 Qd7 23. Qc2 Rc8 24. Qc5 Ra8 25. Qxb4 a5 26. Qc5 a4 27. Ng5 a3 28. bxa3
Ra4 29. Rf3 Rfa8 30. Rb3 Ba6 31. Kd2 Rc4 32. Qb6 Bb5 33. Rhb1 Ra6 34. Qb8+ Kg7
35. Ke1 Rxd4 36. Qc7 Ra7 37. Qxd7+ Rxd7 38. Nxe6+ Kf7 39. Nxd4 Bc4 40. Rb7 Be6
41. Rxd7+ Bxd7 42. Rb7 Ke8 43. e6 Bxe6 44. Nxe6 g5 45. Re7# {
champion-10 checkmated} 1-0

[Event "ICS rated blitz match"]
[Site "204.178.125.65"]
[Date "1999.07.29"]
[Round "?"]
[White "Hossa"]
[Black "champion-10"]
[Result "1-0"]
[WhiteElo "2455"]
[BlackElo "2146"]
[PlyCount "57"]
[EventDate "1999.??.??"]

1. d4 Nf6 2. c4 e6 3. Nc3 Bb4 4. Bg5 h6 5. Bh4 O-O 6. e4 g5 7. e5 Ne4 8. Qd3 f5
9. Bg3 Nc6 10. a3 Bxc3+ 11. bxc3 Ne7 12. f3 Nxg3 13. hxg3 Kg7 14. Ra2 c6 15.
Ne2 b6 16. Ra1 Ba6 17. a4 Rb8 18. Rb1 Nd5 19. Nc1 Nc7 20. f4 b5 21. axb5 cxb5
22. cxb5 Bxb5 23. c4 Bc6 24. Rxb8 Qxb8 25. Qa3 Be4 26. fxg5 hxg5 27. Qe7+ Rf7
28. Qxg5+ Kf8 29. Rh8# {champion-10 checkmated} 1-0

[Event "ICS rated blitz match"]
[Site "204.178.125.65"]
[Date "1999.07.29"]
[Round "?"]
[White "champion-10"]
[Black "Hossa"]
[Result "0-1"]
[WhiteElo "2141"]
[BlackElo "2460"]
[PlyCount "58"]
[EventDate "1999.??.??"]

1. e4 e5 2. Nf3 Nf6 3. Nxe5 Nxe4 4. Qe2 d5 5. d3 Qe7 6. Nf3 Nd6 7. Nc3 c6 8.
Bf4 Qxe2+ 9. Bxe2 Be7 10. Bxd6 Bxd6 11. O-O O-O 12. Nd4 Nd7 13. Nf5 Bb4 14. a3
Bxc3 15. bxc3 Nc5 16. Nd4 Na4 17. c4 dxc4 18. dxc4 Rd8 19. Nb3 Bf5 20. Rac1 Nc3
21. Rfe1 Re8 22. Bd3 Bxd3 23. cxd3 Ne2+ 24. Kf1 Nxc1 25. Rxc1 Re6 26. d4 b6 27.
d5 cxd5 28. cxd5 Rd6 29. Rd1 29... Rad8 {champion-10 resigns} 0-1

[Event "ICS Rated blitz match"]
[Site "204.178.125.65"]
[Date "1999.07.29"]
[Round "?"]
[White "zhora"]
[Black "Hossa"]
[Result "0-1"]
[WhiteElo "2084"]
[BlackElo "2464"]
[PlyCount "88"]
[EventDate "1999.??.??"]

1. Nc3 Nf6 2. e4 e5 3. Nf3 Bb4 4. d3 Nc6 5. Bd2 d5 6. exd5 Nxd5 7. Be2 O-O 8.
O-O Bf5 9. Re1 Nxc3 10. bxc3 Bc5 11. Bf1 Qd5 12. c4 Qd6 13. Bc3 f6 14. Nh4 Be6
15. g3 Bd4 16. Qd2 Rad8 17. Bg2 Bxc3 18. Qxc3 Qd7 19. Rab1 b6 20. Nf3 Bh3 21.
Bh1 a6 22. Nd2 Nd4 23. Nb3 Ne6 24. Rbd1 a5 25. Bd5 c6 26. Bxe6+ Qxe6 27. d4 a4
28. Nc1 exd4 29. Rxe6 dxc3 30. Rxd8 Rxd8 31. Re1 Rd2 32. Ne2 Rxc2 33. Nf4 Bg4
34. Kg2 Rxa2 35. Rc1 c2 36. f3 Bf5 37. g4 Bg6 38. Nxg6 hxg6 39. Kf2 b5 40. cxb5
cxb5 41. Ke2 b4 42. Kd2 b3 43. Kc3 b2 44. Rxc2 44... b1=Q {zhora resigns} 0-1

[Event "ICS rated blitz match"]
[Site "204.178.125.65"]
[Date "1999.07.29"]
[Round "?"]
[White "Hossa"]
[Black "occam"]
[Result "1-0"]
[WhiteElo "2478"]
[BlackElo "2447"]
[PlyCount "159"]
[EventDate "1999.??.??"]

1. d4 d5 2. c4 e6 3. Nc3 Nf6 4. cxd5 exd5 5. Bg5 Bb4 6. e3 Nc6 7. Qf3 Be6 8.
Bd3 h6 9. Bxf6 Bxc3+ 10. bxc3 Qxf6 11. Qxf6 gxf6 12. Ne2 O-O-O 13. Bb5 Rd6 14.
Rb1 Bf5 15. Rb2 Ne7 16. c4 c6 17. c5 Re6 18. Ba4 Ng6 19. O-O Kb8 20. Ng3 Bd3
21. Rd1 Ba6 22. Nf5 Ka8 23. Bc2 Nf8 24. Rdb1 h5 25. a4 Rg8 26. a5 Re8 27. Nd6
Re7 28. Bd1 Rh8 29. Ba4 Ne6 30. Nxb7 Nxd4 31. Nd6 Nb5 32. Nxb5 cxb5 33. Bxb5
Bxb5 34. Rxb5 Rc7 35. Rc1 Rb7 36. Rxb7 Kxb7 37. c6+ Kc7 38. h4 Rb8 39. Rc5 Kd6
40. Rc3 Kc7 41. f3 Rb5 42. g4 Rxa5 43. Kf2 Ra4 44. Kg3 d4 45. exd4 Rxd4 46.
gxh5 a6 47. Ra3 Kb6 48. h6 Rd8 49. c7 Rg8+ 50. Kh3 Kb7 51. Rc3 Kc8 52. Rc6 Rg6
53. Rxa6 Rxh6 54. Rc6 Rg6 55. h5 Rg5 56. Kh4 Rf5 57. h6 Rf4+ 58. Kg3 Rf5 59. f4
Rh5 60. Rxf6 Kxc7 61. Rxf7+ Kd6 62. h7 Ke6 63. Rc7 Kf6 64. Kg4 Rh1 65. Rc8 Rxh7
66. Rc6+ Kf7 67. Rc7+ Kg6 68. Rxh7 Kxh7 69. Kf5 Kg7 70. Ke6 Kf8 71. f5 Kg7 72.
f6+ Kf8 73. f7 Kg7 74. Ke7 Kh6 75. f8=Q+ Kg5 76. Qf3 Kh4 77. Qe3 Kh5 78. Qg3
Kh6 79. Kf6 Kh5 80. Qh3# {occam checkmated} 1-0

[Event "ICS rated blitz match"]
[Site "204.178.125.65"]
[Date "1999.07.29"]
[Round "?"]
[White "zhora"]
[Black "Hossa"]
[Result "0-1"]
[WhiteElo "2074"]
[BlackElo "2493"]
[PlyCount "88"]
[EventDate "1999.??.??"]

1. e4 e5 2. Nc3 Bb4 3. Nd5 Ba5 4. Qg4 Kf8 5. b4 d6 6. Qe2 c6 7. bxa5 cxd5 8.
exd5 Qxa5 9. Qb5 Qc7 10. c4 Ne7 11. Ba3 Rg8 12. Qb4 Nf5 13. Nf3 Qe7 14. Be2 e4
15. Ng1 Nd7 16. Nh3 Nd4 17. Qc3 Nxe2 18. Kxe2 Nb6 19. Rae1 Bxh3 20. gxh3 Rc8
21. c5 dxc5 22. Kf1 Nxd5 23. Qc4 Nf6 24. Rg1 b6 25. Re3 Qd7 26. Bb2 b5 27. Qc2
Nd5 28. Reg3 g6 29. Qxe4 f5 30. Qh4 Qf7 31. Rd3 Re8 32. Qh6+ Ke7 33. Rxd5 Qxd5
34. Qxh7+ Qf7 35. Qh4+ Kd7 36. a4 Re4 37. Qg3 bxa4 38. Qa3 Rb8 39. Bc3 Rb1+ 40.
Kg2 Rxg1+ 41. Kxg1 Re1+ 42. Kg2 Qd5+ 43. Kg3 Rg1+ 44. Kf4 44... Qe4# {
zhora checkmated} 0-1

[Event "ICS rated blitz match"]
[Site "204.178.125.65"]
[Date "1999.07.30"]
[Round "?"]
[White "Hossa"]
[Black "marabu"]
[Result "1-0"]
[WhiteElo "2496"]
[BlackElo "2230"]
[PlyCount "71"]
[EventDate "1999.??.??"]

1. d4 d6 2. c4 Nf6 3. Nc3 g6 4. e4 Bg7 5. f3 e5 6. dxe5 dxe5 7. Qxd8+ Kxd8 8.
Bg5 c6 9. O-O-O+ Kc7 10. Be3 b6 11. c5 b5 12. a4 a6 13. g4 Be6 14. Kc2 Bf8 15.
b4 Nbd7 16. g5 Nh5 17. Nge2 Be7 18. Ng3 Nxg3 19. hxg3 f6 20. Ra1 fxg5 21. axb5
cxb5 22. Nd5+ Bxd5 23. exd5 Bf6 24. Bd3 h6 25. d6+ Kc8 26. Be4 Rb8 27. c6 Nb6
28. c7 Rb7 29. Rxa6 Nc4 30. Bc5 Rxc7 31. dxc7 Kxc7 32. Rxf6 g4 33. Rf7+ Kd8 34.
Ra1 Ke8 35. Re7+ Kd8 36. Ra8# {marabu checkmated} 1-0

[Event "ICS rated blitz match"]
[Site "204.178.125.65"]
[Date "1999.07.30"]
[Round "?"]
[White "marabu"]
[Black "Hossa"]
[Result "0-1"]
[WhiteElo "2224"]
[BlackElo "2502"]
[PlyCount "142"]
[EventDate "1999.??.??"]

1. c4 g6 2. Nc3 e5 3. d3 Bc5 4. e3 Nc6 5. g3 d6 6. Bg2 Nge7 7. Nge2 Bg4 8. h3
Bxe2 9. Qxe2 Qd7 10. O-O O-O-O 11. a3 f5 12. b4 Bb6 13. Bb2 Qe6 14. Nd5 Kb8 15.
Rab1 Rdf8 16. Bc3 Rf7 17. a4 f4 18. exf4 Nd4 19. Bxd4 Bxd4 20. Nxe7 Qxe7 21.
Qe4 c6 22. b5 c5 23. a5 exf4 24. Qxe7 Rxe7 25. gxf4 Rf8 26. Rbe1 Rg7 27. Re4
Bc3 28. a6 bxa6 29. bxa6 Rgf7 30. Rb1+ Bb4 31. d4 Kc7 32. dxc5 dxc5 33. Rd1 Kb8
34. Rd6 Ba5 35. Rc6 Bb6 36. Rce6 Kc8 37. Re8+ Rxe8 38. Rxe8+ Bd8 39. Re4 Be7
40. h4 Bxh4 41. Bh3+ Kc7 42. Kg2 Rg7 43. Kf3 h5 44. Ke3 Bf6 45. Re6 Bd4+ 46.
Ke2 Rg8 47. Bg2 h4 48. Bh3 g5 49. fxg5 Rxg5 50. Re4 Re5 51. Rxe5 Bxe5 52. Kd3
Kb6 53. Ke4 Bd4 54. f4 Kxa6 55. Kd5 Ka5 56. Ke6 Kb4 57. f5 Kxc4 58. f6 Kd3 59.
f7 Bg7 60. Bf1+ Kd4 61. Kf5 Bf8 62. Kg4 c4 63. Kxh4 c3 64. Be2 c2 65. Bg4 c1=Q
66. Kg3 Bd6+ 67. Kh4 Qh6+ 68. Bh5 Qf4+ 69. Bg4 Qf6+ 70. Kh3 Qf2 71. Bf5 71...
Qg3# {marabu checkmated} 0-1

[Event "ICS rated blitz match"]
[Site "204.178.125.65"]
[Date "1999.07.30"]
[Round "?"]
[White "Hossa"]
[Black "marabu"]
[Result "1-0"]
[WhiteElo "2507"]
[BlackElo "2219"]
[PlyCount "104"]
[EventDate "1999.??.??"]

1. d4 d6 2. c4 Nf6 3. Nc3 g6 4. e4 Bg7 5. f3 e5 6. dxe5 dxe5 7. Qxd8+ Kxd8 8.
Bg5 c6 9. O-O-O+ Kc7 10. Be3 h6 11. Bc5 Rd8 12. Rxd8 Kxd8 13. Bd6 Ne8 14. Ba3
b6 15. Bd3 c5 16. Nge2 Nc6 17. Nd5 Nc7 18. Rd1 Nxd5 19. cxd5 Nd4 20. Nc3 Bf8
21. Bc4 Bd6 22. Nb5 Nxb5 23. Bxb5 Bd7 24. Bxd7 Kxd7 25. Kd2 f5 26. Ke3 f4+ 27.
Ke2 a5 28. g3 Rf8 29. b3 g5 30. Bc1 b5 31. gxf4 exf4 32. Bb2 Re8 33. Kd3 Be5
34. Bxe5 Rxe5 35. h3 Kd6 36. a4 bxa4 37. bxa4 Re8 38. Rb1 Kc7 39. Kc4 h5 40.
Rg1 Rg8 41. Kxc5 g4 42. hxg4 hxg4 43. fxg4 f3 44. e5 f2 45. Rf1 Rxg4 46. Rxf2
Rxa4 47. d6+ Kd7 48. Rf7+ Ke6 49. Re7+ Kf5 50. d7 Ra1 51. d8=Q Rc1+ 52. Kb5
52... Ra1 {marabu resigns} 1-0

[Event "ICS rated blitz match"]
[Site "204.178.125.65"]
[Date "1999.07.30"]
[Round "?"]
[White "Hossa"]
[Black "SuperChicken"]
[Result "0-1"]
[WhiteElo "2512"]
[BlackElo "2788"]
[Annotator "Fritz 5.32 (19s)"]
[PlyCount "95"]
[EventDate "1999.??.??"]

1. d4 Nf6 2. c4 e6 3. Nc3 Bb4 4. Bg5 h6 5. Bh4 c5 6. d5 d6 7. Rc1 $146 (7. e3
g5 (7... Qe7 8. Nf3 Bxc3+ 9. bxc3 e5 (9... g5 10. Bg3 Ne4 11. Bd3 Nxg3 12. hxg3
e5 13. Qc2 Nd7 14. Bf5 Kd8 15. a4 a5 16. Rb1 Ra6 17. Rb5 Qf6 18. e4 Qe7 19. Qb3
Nf8 20. Bxc8 Kxc8 21. Ke2 Ng6 22. Rb1 Ra7 23. Rb6 Qc7 24. Nd2 Ne7 25. Qb5 Kb8
26. Nb3 Nc8 27. Rc6 Qd8 28. Ra6 Rxa6 29. Nxc5 Rb6 30. Nd7+ Ka7 31. Qxa5+ Ra6
32. Qb5 32... Qc7 {0-1 Szeberenyi,A-Allen,A/FSIM B Dec, Budapest HUN 1997 (32)}
) 10. Nd2 g5 11. Bg3 Bf5 12. h4 Rg8 13. hxg5 hxg5 14. Qb3 Na6 (14... Kd8 15. f3
Kc7 16. e4 Bc8 17. Bf2 g4 18. Rb1 Nbd7 19. Qb5 Nf8 20. Qa5+ Kb8 21. Nb3 N6d7
22. Qa3 Kc7 23. Rh6 Nb6 24. Be3 {
- Matveeva,S-Bojkovic,N/Women's It, Belgrade YUG 1998 (24)}) 15. Qb5+ Kf8 16.
f3 Rb8 17. e4 Bd7 18. Qa5 Kg7 19. Rb1 Qd8 20. Qa3 Rh8 21. Rg1 g4 22. Bf2 {
Soppe,G-Slipak,S/Clarin It., Villa Gesell ARG (4) 1996/ - (47)}) (7... Bxc3+ 8.
bxc3 e5 9. Bd3 e4 10. Bc2 Qe7 11. Ne2 Nbd7 12. Ba4 O-O 13. Bxd7 Bxd7 14. Bxf6
Qxf6 15. Qc2 Rfe8 16. a4 Re7 17. Rb1 Rf8 18. h4 Bg4 19. Ng3 Qe5 20. Ne2 Bxe2
21. Kxe2 Qf5 22. Ke1 {
Soppe,G-Slipak,S/Clarin Grand Prix Tournament, Lomas de 1995/ - (36)}) 8. Bg3
Ne4 9. Qc2 Qf6 10. Nge2 exd5 11. cxd5 Bf5 12. Qb3 Na6 13. Rc1 O-O 14. a3 c4 15.
Qd1 Ba5 16. Nd4 Rac8 17. Be2 Nxc3 18. bxc3 Bd3 19. O-O Nc5 20. f4 Rfe8 21. Bxd3
21... cxd3 {Jansen,J-Muis,G/op, Soest NED (3) 1996/0-1 (32)}) 7... exd5 8. cxd5
g5 9. Bg3 Ne4 10. f3 {Kontrolliert g4} 10... Nxg3 11. hxg3 Nd7 12. e4 Ne5 13.
Bb5+ Bd7 14. Bxd7+ Qxd7 15. f4 Ng6 16. f5 {Weiss gewinnt Raum} 16... Ne5 17.
Nf3 17... Nxf3+ $14 (17... Qe7 $5 $11) 18. gxf3 O-O-O 19. g4 Kb8 20. Qd3 Qa4
21. Qd2 21... Qa6 {Haelt den Koenig im Zentrum fest} 22. a3 Bxc3 23. Qxc3 Rc8
24. Qf6 Qb6 25. Rxh6 $15 (25. Rc2 $5 $14 $142 {und Weiss kann noch kaempfen})
25... Rxh6 26. Qxh6 Qxb2 27. Qxd6+ 27... Ka8 {Mit der Mattdrohung Rh8} 28. Rd1
(28. Rxc5 $2 {ist falsch} 28... Rh8 29. Qh6 29... a6 $19 (29... Rxh6 $4 30.
Rc8#)) 28... Qg2 $1 {haelt den Vorteil fest. Schwarz droht stark Rh8} ({
Schwaecher ist} 28... Qxa3 29. Kf2 $15) 29. Rd2 $19 (29. Qe5 Qxf3 30. d6 30...
Qxa3 $17 (30... Qxg4 31. d7 Rd8 32. Qe7 Qg3+ 33. Ke2 Qh2+ 34. Kf1 $11)) 29...
Qxf3 30. Qe5 30... Qxa3 $17 {Der Freibauer a7 koennte gefaehrlich werden} (
30... Qh1+ $5 31. Ke2 f6 32. Qxf6 $19) 31. Re2 $19 (31. d6 $5 31... Qe3+ 32.
Kd1 Qb3+ 33. Ke1 $17) 31... c4 {Nun geraet Weiss unter starken Druck.} 32. Qh2
$4 {ein Versehen in unangenehmer Stellung} (32. d6 $19) 32... Qb4+ 33. Kf2 c3
34. Rc2 34... Qxe4 {Droht Matt} 35. Rc1 35... Qd3 $1 {
Ermoeglicht auch c2. ganz unerschrocken} 36. Re1 (36. Rf1 {
hilft auch nicht mehr} 36... Qd4+ 37. Kg2 37... c2 $19) 36... Qd2+ 37. Re2 Qd4+
38. Ke1 {Mit Qf2 waere Weiss nun aus dem Groebsten heraus} 38... c2 {
Mit der Mattdrohung c1Q} 39. Rxc2 Qa1+ 40. Kd2 Rxc2+ 41. Kxc2 Qa2+ 42. Kd3 {
Mit der Mattdrohung Qh8} 42... Qxh2 43. Kc4 Qc2+ 44. Kd4 a5 45. Ke5 Qc3+ 46.
Kd6 Qe3 47. Kd7 47... a4 {Droht Matt: a3} 48. d6 0-1

[Event "ICS rated blitz match"]
[Site "204.178.125.65"]
[Date "1999.07.30"]
[Round "?"]
[White "wimpy"]
[Black "Hossa"]
[Result "0-1"]
[WhiteElo "2019"]
[BlackElo "2507"]
[PlyCount "56"]
[EventDate "1999.??.??"]

1. e4 e5 2. f4 exf4 3. Nf3 Bb4 4. c3 Be7 5. Bc4 Bh4+ 6. Kf1 d6 7. d4 f5 8. Qe2
Be7 9. Bxf4 fxe4 10. Qxe4 Nf6 11. Qc2 d5 12. Bd3 O-O 13. Nbd2 c5 14. Bg3 cxd4
15. cxd4 Nc6 16. Kg1 Nb4 17. Qc3 Qe8 18. Re1 Nxa2 19. Qb3 Nb4 20. Bd6 Nc6 21.
Bb5 Qd8 22. Bxc6 Qxd6 23. Bxb7 Rb8 24. Rxe7 Qxe7 25. Bxd5+ Kh8 26. Qa2 Qe3+ 27.
Kf1 Ng4 28. Ne4 28... Rxb2 {wimpy resigns} 0-1

[Event "ICS rated blitz match"]
[Site "204.178.125.65"]
[Date "1999.07.30"]
[Round "?"]
[White "Hossa"]
[Black "wimpy"]
[Result "1-0"]
[WhiteElo "2509"]
[BlackElo "2017"]
[PlyCount "75"]
[EventDate "1999.??.??"]

1. d4 Nf6 2. c4 e5 3. d5 Bc5 4. e3 d6 5. Nc3 O-O 6. Bd3 a5 7. Nge2 Re8 8. O-O
e4 9. Bb1 Bf5 10. Ng3 Bg6 11. b3 Nbd7 12. f3 exf3 13. Qxf3 Ne5 14. Qe2 Neg4 15.
Rf3 Nh5 16. Bxg6 hxg6 17. Nf1 Qh4 18. Bd2 Re5 19. h3 Nh6 20. Be1 Qe7 21. Bf2
Re8 22. Re1 Nf5 23. Qd3 Nh4 24. Bxh4 Qxh4 25. Qd1 Qg5 26. Qd2 Nf4 27. Kh1 Nh5
28. Qf2 f5 29. Re2 f4 30. exf4 Be3 31. Rexe3 Rxe3 32. fxg5 Re1 33. g4 Rc1 34.
gxh5 Ree1 35. Rf8+ Kh7 36. hxg6+ Kxg6 37. Qf5+ Kh5 38. Rh8# {wimpy checkmated}
1-0

[Event "ICS Rated blitz match"]
[Site "204.178.125.65"]
[Date "1999.07.30"]
[Round "?"]
[White "Hossa"]
[Black "PostModernist"]
[Result "0-1"]
[WhiteElo "2511"]
[BlackElo "2609"]
[PlyCount "145"]
[EventDate "1999.??.??"]

1. d4 d6 2. e4 Nf6 3. Nc3 c6 4. Bg5 g6 5. Qd2 Bg7 6. O-O-O O-O 7. f3 Be6 8. Bh6
Bxh6 9. Qxh6 Qa5 10. Kb1 Qh5 11. Qf4 Nbd7 12. h4 Qa5 13. Qg5 Qxg5 14. hxg5 Nh5
15. g4 Ng3 16. Rh6 Nxf1 17. Rxf1 f6 18. gxf6 Nxf6 19. Re1 Nh5 20. Rd1 Kg7 21.
g5 Nf4 22. Rh4 a6 23. a3 a5 24. Rd2 b5 25. Nce2 Nh5 26. d5 Bd7 27. dxc6 Bxc6
28. Nd4 Bd7 29. c3 e5 30. Nb3 Be6 31. Nc1 Ra6 32. Nd3 Rc6 33. Ka1 Bc4 34. Nc1
Nf4 35. Rdh2 Bg8 36. Kb1 Ne6 37. Rg2 b4 38. axb4 axb4 39. cxb4 Nd4 40. Rf2 Ra8
41. b3 Ra1+ 42. Kxa1 Rxc1+ 43. Kb2 Rxg1 44. Rg4 Re1 45. Rh4 Re3 46. Ka3 Rxb3+
47. Ka4 Rxf3 48. Rxf3 Nxf3 49. Rg4 Be6 50. Rg3 Bd7+ 51. Ka5 Nd2 52. Rc3 Be6 53.
b5 Nxe4 54. Rc7+ Kg8 55. b6 Bd5 56. Rc8+ Kf7 57. Rc7+ Ke6 58. Rxh7 Nc5 59. Rh3
Kf5 60. Rg3 e4 61. Kb5 Kf4 62. Rg1 e3 63. Re1 Nd3 64. Rf1+ Ke4 65. Ka6 e2 66.
Rg1 e1=Q 67. Rxe1+ Nxe1 68. Ka7 Bc6 69. Kb8 d5 70. Kc7 Ba8 71. Kb8 Nd3 72. Kc7
d4 73. Kb8 {Hossa resigns} 0-1

[Event "ICS rated blitz match"]
[Site "204.178.125.65"]
[Date "1999.07.30"]
[Round "?"]
[White "cxc38"]
[Black "Hossa"]
[Result "0-1"]
[WhiteElo "2047"]
[BlackElo "2499"]
[PlyCount "40"]
[EventDate "1999.??.??"]

1. e4 e5 2. Nf3 Nf6 3. Nc3 Bb4 4. Nxe5 Qe7 5. Nd3 Bxc3 6. dxc3 Nxe4 7. Be2 O-O
8. O-O Re8 9. Re1 d5 10. Nf4 c6 11. c4 dxc4 12. Bxc4 Qc5 13. Qe2 Bg4 14. Qf1
Nd7 15. Be3 Qb4 16. f3 Nd6 17. Bb3 Rxe3 18. Rxe3 Qxf4 19. Rd3 Bf5 20. Rd2 20...
Qxd2 {cxc38 resigns} 0-1

[Event "ICS rated blitz match"]
[Site "204.178.125.65"]
[Date "1999.07.30"]
[Round "?"]
[White "Hossa"]
[Black "cxc38"]
[Result "1-0"]
[WhiteElo "2501"]
[BlackElo "2045"]
[PlyCount "75"]
[EventDate "1999.??.??"]

1. d4 Nf6 2. c4 e6 3. Nc3 c5 4. d5 exd5 5. cxd5 d6 6. e4 g6 7. Bb5+ Bd7 8. Qe2
a6 9. Bd3 Bg7 10. e5 dxe5 11. Qxe5+ Qe7 12. Qxe7+ Kxe7 13. Bf4 Nh5 14. Be3 b6
15. Be2 Re8 16. Bxh5 gxh5 17. O-O-O Bf5 18. Re1 Kf8 19. Nge2 Nd7 20. Nf4 Bg6
21. Re2 Be5 22. Rhe1 Bd6 23. Nh3 Ne5 24. Bh6+ Kg8 25. Nf4 f6 26. Ne4 Be7 27. f3
Kf7 28. Re3 Rad8 29. Rd1 Bd6 30. Ne6 Rd7 31. Ng7 Red8 32. Nxd6+ Rxd6 33. Ne6
Rxd5 34. Nxd8+ Ke8 35. Rxd5 Bf5 36. f4 Bg4 37. fxe5 fxe5 38. Rexe5+ {
cxc38 resigns} 1-0

[Event "ICS rated blitz match"]
[Site "204.178.125.65"]
[Date "1999.07.30"]
[Round "?"]
[White "Hossa"]
[Black "cxc38"]
[Result "1/2-1/2"]
[WhiteElo "2505"]
[BlackElo "2055"]
[PlyCount "139"]
[EventDate "1999.??.??"]

1. d4 e6 2. e4 Nf6 3. Bg5 h6 4. Bxf6 Qxf6 5. Nc3 d6 6. Bd3 g6 7. Nge2 Bg7 8.
O-O O-O 9. Nb5 Qe7 10. c4 a6 11. Nbc3 Nc6 12. d5 Nd4 13. Nxd4 Bxd4 14. Qd2 Kh7
15. Ne2 Bg7 16. Rae1 Bd7 17. Qb4 Rab8 18. f3 Qf6 19. Qa5 b6 20. Qxa6 Qxb2 21.
Qa7 Rfc8 22. Rb1 Qd2 23. Nc1 Ra8 24. Qb7 Rab8 25. Qa6 Ra8 26. Qb7 Rab8 27. Qa6
Ra8 28. Qb7 Bd4+ 29. Kh1 Bb2 30. Ne2 Rxa2 31. Rbd1 Qe3 32. Rfe1 Qc5 33. Rb1 Bg7
34. Nc1 Raa8 35. Nb3 Qf2 36. Re2 Qh4 37. g3 Qd8 38. dxe6 fxe6 39. e5 d5 40. Ra1
Rxa1+ 41. Nxa1 Rb8 42. Qa6 Ra8 43. Qb7 Rxa1+ 44. Kg2 dxc4 45. Bxc4 Qc8 46. Qe4
Qa8 47. Qg4 Bc6 48. Re3 Qe8 49. Qxe6 Qxe6 50. Bxe6 Ra5 51. Rc3 Rc5 52. Rxc5
bxc5 53. Kf2 Bxe5 54. Bc4 Bd4+ 55. Ke2 Kg7 56. h4 Kf6 57. f4 g5 58. fxg5+ hxg5
59. Bd3 gxh4 60. gxh4 Ke5 61. h5 Bd5 62. h6 c4 63. Bc2 Kf4 64. Kd1 Be4 65. Ba4
c3 66. Bc2 c5 67. h7 Bxc2+ 68. Kxc2 Kg5 69. h8=Q Bxh8 70. Kd3 {
cxc38 ran out of time and Hossa has no material to mate} 1/2-1/2